Handbook on fertiliser marketing (Record no. 347009)

000 -LEADER
fixed length control field 00363cam a22001217a 4500
008 - FIXED-LENGTH DATA ELEMENTS--GENERAL INFORMATION
fixed length control field 180718b xxu||||| |||| 00| 0 eng d
082 ## - DEWEY DECIMAL CLASSIFICATION NUMBER
Classification number Z212x54 F418h
245 ## - TITLE STATEMENT
Title Handbook on fertiliser marketing
260 ## - PUBLICATION, DISTRIBUTION, ETC.
Place of publication, distribution, etc. New Delhi
Name of publisher, distributor, etc. Fertilliser Association of India
Date of publication, distribution, etc.
300 ## - PHYSICAL DESCRIPTION
Extent 277p.
650 ## - SUBJECT ADDED ENTRY--TOPICAL TERM
Topical term or geographic name entry element Fertilizers - India
700 ## - ADDED ENTRY--PERSONAL NAME
Personal name Fertiliser Association of India, New Delhi
Holdings
Withdrawn status Lost status Damaged status Not for loan Permanent Location Current Location Date acquired Full call number Barcode Date last seen Price effective from Koha item type
        Indian Institute of Public Administration Indian Institute of Public Administration 1993-10-13 Z212x54 F418h 52060 2018-07-21 2018-07-21 Book

Powered by Koha